عرض عادي عرض مارك
  • بلاكورد، جيمس

مدخل إسم شخص

عدد التسجيلات المستخدمة في: 1

001 - رقم الضبط

  • حقل الضبط: 19685

003 - معرف رقم الضبط

  • حقل الضبط: OSt

005 - تاريخ ووقت أخر عملية

  • حقل الضبط: 20130124114707.0

008 - عناصر بيانات ثابتة الطول

  • حقل تحكم ثابت الطول: 130124|||a|||||| | ||| d

040 ## - مصدر الفهرسة

  • هيئة الفهرسة الأصلية: OSt
  • وكالة الكتابة: OSt

100 ## - مدخل -- أسم شخص

  • إسم شخص: بلاكورد، جيمس

670 ## - بيانات المصدر موجوده

  • الاستشهاد بالمصدر: Work cat.: (OSt): بلاكورد، جيمس , البضاعة الراكدة في الشركات التجارية : , 2010